Countries With the Most People in The Biggest City - Statistics

General Stats
  • This quiz has been taken 8 times
  • The average score is 3 of 15
Answer Stats
% Country Population % Correct
72 Kuwait 5,100,000
71%
67 Qatar 3,400,000
71%
62 Iceland 383,000
57%
48 Mongolia 3,530,000
43%
43 Panama 4,600,000
43%
46 South Korea 51,700,000
14%
66 Bahamas 400,000
0%
58 Djibouti 1,170,000
0%
47 Estonia 1,310,000
0%
47 Latvia 1,810,000
0%
48 Marshall Islands 42,500
0%
46 Paraguay 6,980,000
0%
47 Suriname 633,000
0%
45 Tuvalu 11,600
0%
50 Uruguay 3,420,000
0%
No matching quizzes found
Score Distribution
Percent of People with Each Score
Percentile by Number Answered
Your Score History
You have not taken this quiz